|
|
|
|
| LEADER |
00000cam a22000004a 4500 |
| 001 |
musev2_1035 |
| 003 |
MdBmJHUP |
| 005 |
20230905040151.0 |
| 006 |
m o d |
| 007 |
cr||||||||nn|n |
| 008 |
100114s2010 alu o 00 0 eng d |
| 010 |
|
|
|z 2010001035
|
| 020 |
|
|
|a 9780817383282
|
| 020 |
|
|
|z 9780817356019
|
| 035 |
|
|
|a (OCoLC)664233632
|
| 040 |
|
|
|a MdBmJHUP
|c MdBmJHUP
|
| 043 |
|
|
|a n-us-al
|
| 050 |
0 |
4 |
|a F326
|b .P97 2010
|
| 082 |
0 |
|
|a 976.1
|2 22
|
| 100 |
1 |
|
|a Pruitt, Paul M.
|
| 245 |
1 |
0 |
|a Taming Alabama :
|b Lawyers and Reformers, 1804-1929 /
|c Paul M. Pruitt, Jr. ; with an introduction by G. Ward Hubbs.
|
| 264 |
|
1 |
|a Tuscaloosa :
|b University of Alabama Press,
|c 2010.
|
| 264 |
|
3 |
|a Baltimore, Md. :
|b Project MUSE,
|c 2012
|
| 264 |
|
4 |
|c ©2010.
|
| 300 |
|
|
|a 1 online resource (200 pages).
|
| 336 |
|
|
|a text
|b txt
|2 rdacontent
|
| 337 |
|
|
|a computer
|b c
|2 rdamedia
|
| 338 |
|
|
|a online resource
|b cr
|2 rdacarrier
|
| 504 |
|
|
|a Includes bibliographical references and index.
|
| 505 |
0 |
|
|a Harry Toulmin: a frontier justinian -- Benjamin F. Porter: Whig and law reformer -- Julia Tutwiler: preparation for a lifetime of reform -- James F. Smith: ordination and order -- Thomas Goode Jones: personal code of a public man -- Joseph C. Manning: defender of the voteless -- Henry D. Clayton: plantation progressive on the federal bench.
|
| 588 |
|
|
|a Description based on print version record.
|
| 651 |
|
0 |
|a Alabama
|v Biography.
|
| 651 |
|
0 |
|a Alabama
|x History
|y 1819-1950.
|
| 650 |
|
0 |
|a Social reformers
|z Alabama
|v Biography.
|
| 655 |
|
7 |
|a Electronic books.
|2 local
|
| 710 |
2 |
|
|a Project Muse.
|e distributor
|
| 830 |
|
0 |
|a Book collections on Project MUSE.
|
| 856 |
4 |
0 |
|z Texto completo
|u https://projectmuse.uam.elogim.com/book/1035/
|
| 945 |
|
|
|a Project MUSE - Custom Collection
|
| 945 |
|
|
|a Project MUSE - 2010 US Regional Studies, South
|
| 945 |
|
|
|a Project MUSE - 2010 Complete
|